Elementos finitos con discontinuidades embebidas para el modelado de fractura en sl̤idos
VIII Congreso colombiano mťodos numřicos. Plenaria 1. Elementos finitos con discontinuidades embebidas para el modelado de fractura en solidos. Profesor Francisco Armero. Universidad de Berkeley, Estados Unidos
Saved in:
| Andre forfattere: | , |
|---|---|
| Format: | Bog |
| Sprog: | spansk |
| Fag: | |
| Online adgang: | Elementos finitos con discontinuidades embebidas para el modelado de fractura en sl̤idos |
| Tags: |
Tilføj Tag
Ingen Tags, Vær først til at tagge denne postø!
|
MARC
| LEADER | 00000nam a22000004a 4500 | ||
|---|---|---|---|
| 001 | vpro6204 | ||
| 005 | 20201223000000.0 | ||
| 008 | 130731s2013 ck # g## #001 0#spa#d | ||
| 020 | |||
| 022 | |||
| 040 | |a CO-BoINGC | ||
| 041 | 0 | |a spa | |
| 245 | 1 | 0 | |a Elementos finitos con discontinuidades embebidas para el modelado de fractura en sl̤idos |
| 246 | |a Finite elements with embedded discontinuities for computacional fracture | ||
| 264 | |a Bogot ̀(Colombia) : |b Revista VirtualPRO, |c 2013 | ||
| 520 | 3 | |a VIII Congreso colombiano mťodos numřicos. Plenaria 1. Elementos finitos con discontinuidades embebidas para el modelado de fractura en solidos. Profesor Francisco Armero. Universidad de Berkeley, Estados Unidos | |
| 650 | \ | \ | |a Modelos matemt̀icos |
| 650 | \ | \ | |a Aplicaciones (Matemt̀icas) |
| 650 | \ | \ | |a Simulacin̤ por computador |
| 650 | \ | \ | |a Tčnicas de simulacin̤ |
| 650 | \ | \ | |a Mťodos de simulacin̤ |
| 650 | \ | \ | |a Mathematical models |
| 650 | \ | \ | |a Mappings (Mathematics) |
| 650 | \ | \ | |a Computerized simulation |
| 650 | \ | \ | |a Simulation techniques |
| 650 | \ | \ | |a Simulation methods |
| 650 | \ | \ | |a elementos finitos |
| 650 | \ | \ | |a finite element |
| 700 | \ | \ | |a Francisco Armero |
| 700 | \ | \ | |a Universidad EAFIT |
| 856 | |z Elementos finitos con discontinuidades embebidas para el modelado de fractura en sl̤idos |u https://virtualpro.unach.elogim.com/biblioteca/elementos-finitos-con-discontinuidades-embebidas-para-el-modelado-de-fractura-en-solidos | ||